000 01426nam a22003017a 4500
005 20140516152810.0
008 100712s2013 ck a gr 00010 spa d
020 _a9789587401466
041 _aspa
044 _ack
082 0 4 _a636.214
_bM71p
100 1 _aMojica-Rodriguez, José Edwin
_924097
245 1 0 _aProducción y calidad composicional de la leche en función de la alimentación en ganaderías doble propósito del departamento del Cesar
_cJosé Edwin Mojica ....[et al.]
260 _aBogotá
_bCorpoica
_c2013
300 _a72 p.
_btablas
_c24 cm
504 _aIncluye referencias bibliográficas (pag. 66-69)
505 _aMetodología: Identificación geográfica. Microrregión Valle del Cesar. Microrregión sabanas del Cesar. Microrregión Sur del cesar.
505 _aResultados: Especies forrajeras de pastoreo identificadas. Condición de las pasturas. Grupo racial y sistemas de alimentación. Sistemas de alimentación basadas en pastoreo. Sistemas de alimentación basados en pastoreo mas suplementación.
650 _aLeche
_x Producción.
_924098
650 4 _aGanado lechero
_924099
650 _aGanado vacuno
_924100
650 _aIndustria lechera
_91614
651 _aColombia
_zCésar (Departamento, Colombia)
_924101
700 1 0 _aCastro-Rincón, Edwin
_924102
700 1 0 _aSilva-Zakzuk, Jorge
_924103
700 1 0 _aHortúa-CAstro, Hanzel
_924104
942 _2ddc
_cImpreso
999 _c8432
_d8432